| 000 | 005000000a22001810004500 | ||
|---|---|---|---|
| 003 | MACL | ||
| 005 | 20160303115615.0 | ||
| 008 | 160303b xxu||||| |||| 00| 0 eng d | ||
| 040 |
_aMACL _cMACL |
||
| 041 | _aHindi | ||
| 082 | _a891.431 | ||
| 100 |
_aपंत सुतित्रानन्दन _942315 |
||
| 245 | _aपतझर | ||
| 260 |
_bअतुुल प्रकाशन _aइलाहाबाद |
||
| 350 | _a40 | ||
| 650 |
_aPoetry _942316 |
||
| 942 |
_cHIN _k891.431 _2ddc |
||
| 999 |
_c28326 _d28326 |
||